000 00326 a2200157 4500
001 186018
020 _a85-08-07869-X
040 _cMagnum
100 _aLucas, Pedro R.
240 1 0 _aCiência 1ª série
_lpor
245 1 0 _aCiência 1ª série
300 _a160
440 1 _aÁtica
697 _aCIÊNCIAS
942 _cBK
999 _c186018
_d186018